| Tag |
First Indicator |
Second Indicator |
Subfields |
| LEADER |
00000pam a2200000 a 4500 |
| 001 |
in00000398607 |
| 005 |
20151012053348.0 |
| 008 |
830804s1984 enka b 00110 eng |
| 010 |
|
|
|a 83015113
|
| 020 |
|
|
|a 0521259843
|
| 020 |
|
|
|a 0521277876 (pbk.)
|
| 035 |
|
|
|a (OCoLC)09827611
|
| 035 |
|
|
|9 ABU4138AM
|
| 039 |
0 |
|
|a 2
|b 3
|c 3
|d 3
|e 3
|
| 040 |
|
|
|a DLC
|c DLC
|d TXA
|d UtOrBLW
|
| 043 |
|
|
|a a-th---
|
| 049 |
|
|
|a TXAM
|c [A09430851]
|
| 050 |
0 |
0 |
|a BQ554
|b .T347 1984
|
| 082 |
0 |
|
|a 294.3/657/09593
|2 19
|
| 100 |
1 |
|
|a Tambiah, Stanley Jeyaraja,
|d 1929-2014.
|
| 245 |
1 |
4 |
|a The Buddhist saints of the forest and the cult of amulets :
|b a study in charisma, hagiography, sectarianism, and millennial Buddhism /
|c Stanley Jeyaraja Tambiah.
|
| 264 |
|
1 |
|a Cambridge [Cambridgeshire] ;
|a New York :
|b Cambridge University Press,
|c 1984.
|
| 300 |
|
|
|a xi, 417 pages :
|b illustrations ;
|c 24 cm.
|
| 336 |
|
|
|a text
|b txt
|2 rdacontent
|
| 337 |
|
|
|a unmediated
|b n
|2 rdamedia
|
| 338 |
|
|
|a volume
|b nc
|2 rdacarrier
|
| 490 |
1 |
|
|a Cambridge studies in social anthropology ;
|v no.49
|
| 500 |
|
|
|a Includes index.
|
| 504 |
|
|
|a Bibliography: pages 348-393.
|
| 650 |
|
0 |
|a Buddhism
|z Thailand.
|
| 650 |
|
0 |
|a Buddhist monks
|z Thailand.
|
| 650 |
|
0 |
|a Buddhist cults
|z Thailand.
|
| 830 |
|
0 |
|a Cambridge studies in social anthropology ;
|v no.49.
|
| 999 |
|
|
|a MARS
|
| 999 |
f |
f |
|s a4a3cdbe-022d-3282-a37f-1446e34c2b6d
|i 6a198c89-fd9a-3e78-a995-9740e50a8152
|t 0
|
| 952 |
f |
f |
|p ric
|a Texas A&M University
|b Rellis Campus
|c Joint Library Facility
|d Remote Storage
|t 0
|e BQ554 .T347 1984
|h Library of Congress classification
|i unmediated -- volume
|m A14809430851
|
| 998 |
f |
f |
|a BQ554 .T347 1984
|t 0
|l Remote Storage
|